Music Quiz

Random Music or Artist Quiz

Find the Albums II Quiz Stats

 Plays Quiz Updated Jul 5, 2018

Also try: Find the Albums!
Challenge
Share
Tweet
Score 0/16 Timer 03:00
13 Plays Today
% Correct
...Baby One More Time
(Britney Spears)
96%
Saturday Night Fever:
The Original Movie
Soundtrack (Various Artists)
95.5%
Born in the U.S.A.
(Bruce Springsteen)
93.7%
Hotel California
(Eagles)
89.6%
All Eyez on Me
(2Pac)
88.1%
Appetite for Destruction
(Guns N' Roses)
85.5%
1989
(Taylor Swift)
82%
Dookie
(Green Day)
81%
% Correct
(What's the Story)
Morning Glory?
(Oasis)
78.7%
Face Value
(Phil Collins)
78.1%
Survivor
(Destiny's Child)
76.1%
÷ (Ed Sheeran)
76.1%
X&Y
(Coldplay)
74.3%
Back to Black
(Amy Winehouse)
69.3%
Physical Graffiti
(Led Zeppelin)
65.8%
Music Box
(Mariah Carey)
65%

You're not logged in!

Compare scores with friends on all Sporcle quizzes.
Join for Free
OR
Log In

You Might Also Like...

Show Comments

Extras

Top Quizzes Today


Score Distribution

Your Account Isn't Verified!

In order to create a playlist on Sporcle, you need to verify the email address you used during registration. Go to your Sporcle Settings to finish the process.

Report this User

Report this user for behavior that violates our Community Guidelines.

Details: